[Event "FIDE TURNIR 2013"]
[Site "Ljubljana"]
[Date "2013.06.19"]
[Round "9.4"]
[White "Pridigar, Lovro"]
[Black "Unuk, Laura"]
[Result "0-1"]
[WhiteElo "1558"]
[BlackElo "2008"]
[PlyCount "46"]
[EventDate "2013.06.19"]

1. d4 Nf6 2. c4 c6 3. Nc3 d5 4. Nf3 dxc4 5. e3 b5 6. a4 b4 7. Na2 e6 8. Bxc4
Bb7 9. Bd2 a5 10. O-O Be7 11. Qb3 O-O 12. Ng5 Nd5 13. Nf3 Nb6 14. Rfe1 c5 15.
Ne5 Bf6 16. Ng4 cxd4 17. Rad1 Nxc4 18. Qxc4 Bd5 19. Qd3 Bxa2 20. b3 dxe3 21.
Qxd8 Bxd8 22. Rxe3 Bg5 23. Rg3 Rd8 0-1

[Event "FIDE TURNIR 2013"]
[Site "Ljubljana"]
[Date "2013.06.19"]
[Round "9.5"]
[White "Unuk, Robert"]
[Black "Unuk, Jan"]
[Result "0-1"]
[WhiteElo "1458"]
[BlackElo "1573"]
[PlyCount "68"]
[EventDate "2013.06.19"]

1. d4 Nf6 2. c4 g6 3. Nc3 d5 4. Nf3 Bg7 5. Qb3 dxc4 6. Qxc4 O-O 7. Bf4 c6 8. e4
b5 9. Qc5 a5 10. Ne5 b4 11. Na4 Nxe4 12. Qb6 Qd6 13. f3 Nd7 14. Qxc6 Bxe5 15.
Qxa8 Bxf4 16. Qxe4 Nf6 17. Qc2 Qxd4 18. Rd1 Qe3+ 19. Qe2 Qa7 20. Qc2 Be3 21. b3
Bd7 22. Nb2 Rc8 23. Bc4 e5 24. Qd3 Bd4 25. Rd2 Bf5 26. Qe2 Bc3 27. Kd1 Bxd2 28.
Qxd2 Rc7 29. Kc1 Rd7 30. Nd3 Bxd3 31. Bxd3 e4 32. fxe4 Nxe4 33. Qd1 Qe3+ 34.
Kb1 Rxd3 0-1

[Event "FIDE TURNIR 2013"]
[Site "Ljubljana"]
[Date "2013.06.01"]
[Round "9.6"]
[White "Vidic, Teja"]
[Black "Jelen, Miha"]
[Result "1-0"]
[WhiteElo "1894"]
[BlackElo "1544"]
[PlyCount "37"]
[EventDate "2013.06.19"]

1. e4 e5 2. Nf3 Nc6 3. Bb5 f5 4. exf5 d6 5. O-O Bxf5 6. d4 e4 7. d5 a6 8. Nd4
axb5 9. dxc6 Ne7 10. Bg5 Bc8 11. Bxe7 Bxe7 12. Qh5+ g6 13. cxb7 Bxb7 14. Qxb5+
Qd7 15. Qxb7 Rc8 16. Qc6 Qxc6 17. Nxc6 Bf6 18. Nc3 O-O 19. Nd5 1-0

[Event "FIDE TURNIR 2013"]
[Site "Ljubljana"]
[Date "2013.06.19"]
[Round "9.7"]
[White "Drobnic, Milan"]
[Black "Suljanovic, Zuhdija"]
[Result "0-1"]
[WhiteElo "1789"]
[BlackElo "1926"]
[PlyCount "119"]
[EventDate "2013.06.19"]

1. d4 Nf6 2. c4 d5 3. Nc3 Bf5 4. Bg5 c6 5. e3 e6 6. Nf3 Be7 7. Rc1 dxc4 8. Bxc4
Nbd7 9. O-O O-O 10. a3 Nd5 11. Bxe7 Qxe7 12. Ne2 Rac8 13. Ng3 Bg6 14. Bd3 Bxd3
15. Qxd3 Rfd8 16. Rfd1 N5f6 17. Qb3 b6 18. Qa4 Nb8 19. b4 c5 20. bxc5 bxc5 21.
dxc5 Rxd1+ 22. Qxd1 Rxc5 23. Rxc5 Qxc5 24. Qd8+ Qf8 25. Qc7 a6 26. Ne5 h6 27.
h3 Nd5 28. Qa7 Qe8 29. Nxf7 Nc6 30. Qb7 Nde7 31. Nd6 Qb8 32. Qxb8+ Nxb8 33.
Nge4 Nd5 34. Nc5 Nc7 35. Kf1 Kf8 36. Ke2 Ke7 37. Nc4 Ne8 38. Kd3 Nd6 39. Nxd6
Kxd6 40. Ne4+ Kd5 41. Nd2 Kc5 42. Kc3 Kb5 43. Kb3 Nd7 44. a4+ Kc5 45. Kc3 Nb8
46. e4 Nc6 47. f4 g6 48. Nb3+ Kd6 49. Kc4 e5 50. f5 gxf5 51. exf5 e4 52. f6 Ke6
53. Nd4+ Nxd4 54. Kxd4 Kxf6 55. Kxe4 Ke6 56. g4 Kd6 57. h4 Ke6 58. g5 h5 59. a5
Kd6 60. Kf5 0-1

[Event "FIDE TURNIR 2013"]
[Site "Ljubljana"]
[Date "2013.06.19"]
[Round "9.8"]
[White "Bojko, Filip"]
[Black "Korosec, Stefan"]
[Result "0-1"]
[WhiteElo "1509"]
[BlackElo "1727"]
[PlyCount "84"]
[EventDate "2013.06.19"]

1. e4 e5 2. Nf3 Nc6 3. Bb5 a6 4. Bxc6 dxc6 5. Nc3 f6 6. O-O Bg4 7. h3 Bh5 8.
Qe2 Bc5 9. d3 Ne7 10. Be3 Qd6 11. Bxc5 Qxc5 12. Rae1 Qb4 13. Rb1 O-O 14. Qe3
Rad8 15. Nd2 Bf7 16. f4 exf4 17. Rxf4 Ng6 18. Rg4 Rfe8 19. a3 Qd6 20. Rf1 c5
21. Rg3 b5 22. Rgf3 c4 23. Rd1 Ne5 24. Rg3 cxd3 25. cxd3 Bh5 26. Qh6 Bg6 27.
Qh4 Nxd3 28. Nb3 Qb6+ 29. Kh2 Nxb2 30. Rxd8 Rxd8 31. e5 Nc4 32. exf6 Qxf6 33.
Qg4 Nxa3 34. Nc5 Nc4 35. Ne6 Ne5 36. Qg5 Rd7 37. Nc5 Rf7 38. Qd2 Nc4 39. Qd5
Qd6 40. Qg5 Rf5 41. Qg4 Qxc5 42. Ne4 Qe5 0-1

[Event "FIDE TURNIR 2013"]
[Site "Ljubljana"]
[Date "2013.06.19"]
[Round "9.9"]
[White "Cop, Jaka"]
[Black "Kamensek, Ivan"]
[Result "1-0"]
[WhiteElo "1703"]
[BlackElo "1725"]
[PlyCount "57"]
[EventDate "2013.06.19"]

1. e4 c5 2. Nc3 Nc6 3. g3 g6 4. Bg2 Bg7 5. d3 d6 6. Nge2 e6 7. Be3 Nge7 8. Qd2
Qb6 9. a4 a6 10. O-O Nd4 11. a5 Nxe2+ 12. Nxe2 Qc7 13. c3 Nc6 14. Bh6 O-O 15.
Bxg7 Kxg7 16. b4 cxb4 17. cxb4 e5 18. d4 Bd7 19. Rac1 Qd8 20. Rfd1 exd4 21.
Nxd4 Ne5 22. Qb2 Qf6 {(=)} 23. Rc7 Bc6 24. f4 Nd7 25. e5 dxe5 26. Nxc6 Rac8 27.
Rxc8 Rxc8 28. Rxd7 bxc6 29. Qxe5 1-0

[Event "FIDE TURNIR 2013"]
[Site "Ljubljana"]
[Date "2013.06.22"]
[Round "9.10"]
[White "Sivcevic, Nusret"]
[Black "Susa, Maks"]
[Result "1-0"]
[WhiteElo "1840"]
[BlackElo "1376"]
[PlyCount "109"]
[EventDate "2013.06.19"]

1. f3 d5 2. d4 c5 3. dxc5 e5 4. Nc3 Nf6 5. Bg5 d4 6. Ne4 Nbd7 7. b4 h6 8. Bxf6
Nxf6 9. Qd3 a6 10. g3 Bd7 11. a4 Nd5 12. Qb3 Be6 13. c4 Ne3 14. Nd2 Bf5 15. Rc1
Qd7 16. g4 Bg6 17. Bh3 f5 18. gxf5 Bxf5 19. Bxf5 Qxf5 20. Nf1 Qh5 21. Nxe3 Qh4+
22. Kf1 dxe3 23. Qxe3 Qf6 24. Rd1 Be7 25. Nh3 O-O 26. Qe4 Rad8 27. Rd5 Qe6 28.
Nf2 Rf4 29. Qxe5 Qxe5 30. Rxe5 Bf6 31. Re4 Rxe4 32. Nxe4 Rd4 33. Nxf6+ gxf6 34.
Kf2 Rxc4 35. Rg1+ Kf7 36. Rg4 Rc3 37. Rd4 Ke7 38. Rd6 Rc4 39. Rb6 Rc3 40. Rxb7+
Kd8 41. Rb6 Ra3 42. Rxa6 Rb3 43. b5 Kc7 44. Rxf6 Rb4 45. Rxh6 Rxa4 46. Rh7+ Kb8
47. b6 Rc4 48. Rc7 Ka8 49. e4 Rc2+ 50. Kg3 Kb8 51. h4 Rc1 52. h5 Rh1 53. c6
Rxh5 54. Rg7 Rb5 55. Rg8# 1-0

[Event "FIDE TURNIR 2013"]
[Site "Ljubljana"]
[Date "2013.06.19"]
[Round "9.11"]
[White "More, Erlend"]
[Black "Markosek, Maj"]
[Result "1/2-1/2"]
[WhiteElo "1646"]
[BlackElo "1656"]
[PlyCount "57"]
[EventDate "2013.06.19"]

1. d4 Nf6 2. c4 e6 3. Nf3 b6 4. Nc3 Bb7 5. e3 Bb4 6. Be2 O-O 7. O-O Bxc3 8.
bxc3 d6 9. Re1 Nbd7 10. Qc2 Ne4 11. Bb2 f5 12. Nd2 Qg5 13. Bf3 Ndf6 14. Nxe4
Nxe4 15. Rad1 Qh6 16. c5 bxc5 17. dxc5 Nxc5 18. Bxb7 Nxb7 19. c4 e5 20. Ba3 c5
21. Qb3 Rab8 22. Qa4 a5 23. Qd7 Rf7 24. Qc6 g5 25. Rb1 g4 26. Bxc5 Qf8 27. Ba3
Rc8 28. Qd5 Nc5 29. Red1 1/2-1/2

[Event "FIDE TURNIR 2013"]
[Site "Ljubljana"]
[Date "2013.06.19"]
[Round "9.12"]
[White "Ocepek, Jan"]
[Black "Krejic, Nik"]
[Result "0-1"]
[WhiteElo "1500"]
[BlackElo "1603"]
[PlyCount "48"]
[EventDate "2013.06.19"]

1. e4 e5 2. Nf3 Nc6 3. Bb5 a6 4. Bxc6 dxc6 5. O-O Bg4 6. h3 Bxf3 7. Qxf3 Nf6 8.
Nc3 Bc5 9. Qd1 Qe7 10. d3 h6 11. Re1 O-O-O 12. Qe2 Rdg8 13. Be3 Bxe3 14. Qxe3
Kb8 15. Rad1 g5 16. a3 h5 17. b4 g4 18. hxg4 Rxg4 19. f3 Rg6 20. Kh2 Rhg8 21.
Re2 Nh7 22. Kh1 Qh4+ 23. Kg1 Rg3 24. Rf1 Rh3 0-1

[Event "FIDE TURNIR 2013"]
[Site "Ljubljana"]
[Date "2013.06.19"]
[Round "9.13"]
[White "Subelj, Jan"]
[Black "Novakovic, Gosto"]
[Result "1-0"]
[WhiteElo "1503"]
[BlackElo "1819"]
[PlyCount "117"]
[EventDate "2013.06.19"]

1. e4 e5 2. Nf3 Nc6 3. Bc4 Bc5 4. O-O Nf6 5. d3 O-O 6. Nc3 d6 7. Bg5 h6 8. Bh4
g5 9. Nxg5 hxg5 10. Bxg5 Be6 11. Bb3 Nd4 12. Na4 Nxb3 13. axb3 Kg7 14. Nxc5
dxc5 15. Qf3 Rg8 16. Qg3 Kf8 17. Qxe5 Nd7 18. Bxd8 Nxe5 19. Bxc7 Nf3+ 20. Kh1
Nh4 21. Bg3 Ng6 22. Bd6+ Kg7 23. f4 Bd7 24. Bxc5 b6 25. Bd4+ Kf8 26. f5 Ne7 27.
Bxb6 a6 28. Bc5 Ke8 29. Bd4 Rg4 30. Rf3 Bc6 31. Bc3 Kd7 32. h3 Rh4 33. Ra5 Bb7
34. Ra4 Nc6 35. Rg3 Rh7 36. Kh2 Ke7 37. Kg1 f6 38. Rg6 Rf8 39. Kf2 Rhh8 40. Ke3
Rhg8 41. Rxg8 Rxg8 42. Kf3 Kf7 43. Rc4 Rd8 44. g4 Rd7 45. h4 Na7 46. g5 Nc6 47.
Bxf6 a5 48. Bc3 Ne7 49. g6+ Kf8 50. Kf4 Nc8 51. Bxa5 Kg8 52. h5 Nd6 53. Rd4 Bc8
54. h6 Ne8 55. Rxd7 Bxd7 56. h7+ Kh8 57. Bc3+ Ng7 58. Kg5 Bxf5 59. Kh6 1-0

[Event "FIDE TURNIR 2013"]
[Site "Ljubljana"]
[Date "2013.06.19"]
[Round "9.14"]
[White "Bogataj, Tomaz"]
[Black "Novak, Anze"]
[Result "0-1"]
[WhiteElo "1723"]
[BlackElo "1500"]
[PlyCount "78"]
[EventDate "2013.06.19"]

1. d4 Nf6 2. c4 e5 3. d5 Bc5 4. Nc3 d6 5. h3 h6 6. e4 c6 7. Nf3 O-O 8. Bd3 cxd5
9. cxd5 a6 10. O-O Nbd7 11. Re1 b5 12. a3 Bb6 13. b4 Bb7 14. Be3 Rc8 15. Qd2
Rc7 16. Ne2 Qe7 17. Ng3 Bxe3 18. Qxe3 Rfc8 19. Nf5 Qf8 20. Rac1 Kh7 21. g4 g6
22. Ng3 Rxc1 23. Rxc1 Rxc1+ 24. Qxc1 Qc8 25. Qd2 Nf8 26. Nh4 Ng8 27. Ng2 Qd8
28. h4 Qb6 29. Kh2 Bc8 30. Ne3 Nf6 31. f3 Kg7 32. h5 N8h7 33. hxg6 fxg6 34. Ne2
Ng5 35. Kg3 Bd7 36. Bc2 Qc7 37. Qd3 h5 38. Qd2 hxg4 39. fxg4 Ngxe4+ 0-1

[Event "FIDE TURNIR 2013"]
[Site "Ljubljana"]
[Date "2013.06.19"]
[Round "9.15"]
[White "Sketa, Mark"]
[Black "Milicevic, David"]
[Result "1-0"]
[WhiteElo "1501"]
[BlackElo "1660"]
[PlyCount "33"]
[EventDate "2013.06.19"]

1. e4 c6 2. d4 d5 3. Nc3 dxe4 4. Nxe4 Bf5 5. Bd3 Qxd4 6. Ne2 Bxe4 7. Nxd4 Bxg2
8. Qg4 e5 9. Qc8+ Ke7 10. Bg5+ f6 11. Nf5+ Kf7 12. Bc4+ Kg6 13. Nh4+ Kxg5 14.
Nxg2 Bc5 15. Ne3 b5 16. Qf5+ Kh6 17. Ng4# 1-0

[Event "FIDE TURNIR 2013"]
[Site "Ljubljana"]
[Date "2013.06.19"]
[Round "9.17"]
[White "Drobnic, Simona"]
[Black "Malkoc, Tilen"]
[Result "0-1"]
[WhiteElo "1347"]
[BlackElo "1337"]
[PlyCount "92"]
[EventDate "2013.06.19"]

1. e4 e5 2. Nf3 d6 3. Nc3 Nd7 4. Bc4 c6 5. d3 Be7 6. O-O Ngf6 7. Be3 O-O 8. Qd2
Ng4 9. Bg5 Bxg5 10. Qxg5 Qxg5 11. Nxg5 h6 12. h3 hxg5 13. hxg4 Nb6 14. Bb3 Bxg4
15. f3 Be6 16. Kf2 Bxb3 17. axb3 f6 18. Rh1 Kf7 19. Rh3 d5 20. exd5 Nxd5 21.
Na4 b6 22. Nc3 Nxc3 23. bxc3 a5 24. Rd1 a4 25. d4 Rfd8 26. Rd3 exd4 27. Rxd4 a3
28. Rh1 c5 29. Rd3 Rxd3 30. cxd3 Ke6 31. Ra1 Kd5 32. Ke2 b5 33. Kd2 b4 34. Kc2
Ke5 35. Rh1 Kf4 36. c4 Kg3 37. Kb1 Kxg2 38. Rh7 Ra7 39. Ka2 Kxf3 40. Rh3+ Kf4
41. Kb1 g4 42. Rh2 g3 43. Rg2 Kf3 44. Rg1 g2 45. Ka2 Kf2 46. Rxg2+ Kxg2 0-1

[Event "FIDE TURNIR 2013"]
[Site "Ljubljana"]
[Date "2013.06.19"]
[Round "9.18"]
[White "Kovacic, Marko"]
[Black "Drobnic, Rok"]
[Result "1-0"]
[WhiteElo "1612"]
[BlackElo "1235"]
[PlyCount "59"]
[EventDate "2013.06.19"]

1. e4 d6 2. Nc3 Nf6 3. d4 Nbd7 4. Nf3 e5 5. Be2 Be7 6. h3 O-O 7. Be3 c6 8. Qd2
Qc7 9. g4 h6 10. g5 hxg5 11. Bxg5 Re8 12. Rg1 g6 13. h4 Nh5 14. Nh2 Bxg5 15.
Qxg5 Ng7 16. h5 Ne6 17. Qh6 Nf6 18. hxg6 fxg6 19. Rxg6+ Kf7 20. Rxf6+ Ke7 21.
dxe5 dxe5 22. O-O-O Bd7 23. Bc4 Kd8 24. Bxe6 Kc8 25. Bxd7+ Kb8 26. Bxe8 Qa5 27.
Rf8 Qb6 28. Bxc6+ Kc7 29. Rf7+ Kc8 30. Qf8+ 1-0

[Event "FIDE TURNIR 2013"]
[Site "Ljubljana"]
[Date "2013.06.19"]
[Round "9.19"]
[White "Trplan, Filip"]
[Black "Siraj, Anej"]
[Result "1/2-1/2"]
[WhiteElo "1324"]
[BlackElo "1460"]
[PlyCount "80"]
[EventDate "2013.06.19"]

1. e4 e5 2. Nf3 Nc6 3. Bc4 Nf6 4. d3 Bc5 5. O-O O-O 6. Bg5 h6 7. Bh4 d6 8. h3
Be6 9. Bb3 a5 10. a4 Nb4 11. c3 Nc6 12. Nbd2 g5 13. Nxg5 hxg5 14. Bxg5 Kg7 15.
Qf3 Rg8 16. Qg3 Kf8 17. Qh4 Rg6 18. Qh8+ Ke7 19. Bxf6+ Rxf6 20. Qh5 Qg8 21.
Bxe6 Rxe6 22. g3 Qxg3+ 23. Kh1 Bxf2 24. Rg1 Bxg1 25. Rxg1 Qf2 26. Rf1 Qxf1+ 27.
Nxf1 Rg8 28. Qh7 Reg6 29. h4 Rg1+ 30. Kh2 R1g7 31. Qf5 Rh8 32. h5 f6 33. Ng3
Rg5 34. Qf3 Rh6 35. Nf5+ Rxf5 36. exf5 Kd7 37. Kh3 b6 38. Kh4 Nd8 39. Qd5 Ke7
40. Qg8 Nf7 1/2-1/2

[Event "FIDE TURNIR 2013"]
[Site "Ljubljana"]
[Date "2013.06.22"]
[Round "9.20"]
[White "Cerne, Peter"]
[Black "Marn, Jan"]
[Result "0-1"]
[WhiteElo "1417"]
[BlackElo "1384"]
[PlyCount "28"]
[EventDate "2013.06.19"]

1. e4 e5 2. Nf3 Nc6 3. Bb5 a6 4. Ba4 Bc5 5. c3 Nf6 6. O-O O-O 7. Bc2 d5 8. d4
dxe4 9. Nxe5 Nxe5 10. dxe5 Ng4 11. Qxd8 Rxd8 12. Bg5 Rd7 13. Bxe4 Nxf2 14. Rxf2
Rd1# 0-1